| 000 | 00430nam a2200169Ia 4500 | ||
|---|---|---|---|
| 008 | 151213s9999 xx 000 0 und d | ||
| 020 | _a989310108-1 | ||
| 100 | _aMd . Abdul Halim | ||
| 245 |
_aConstitutional Law and Bangladesh Perspective _cMd . Abdul Halim |
||
| 250 | _a4th | ||
| 260 |
_aDhaka _bCCB Foundation _c2008 |
||
| 300 | _a7986 p. | ||
| 650 | _aLaw | ||
| 650 | _aLaw | ||
| 700 | _aMd . Abdul Halim | ||
| 999 |
_c4057 _d4057 |
||